000 00410nam a2200169Ia 4500
003 GCL
008 140319s9999 xx 000 0 eng d
040 _aGCL /
_cGCL
082 0 4 _a551.46
_bB O
100 1 _aBARTON, ROBERT
245 1 0 _aTHE OCEANS /
_cBARTON, ROBERT
260 _a[S.N] :
_bFERGUSON PUBLISHING COMPANY
300 _a336 P
650 0 4 _aSCIENCE
650 0 4 _aOCEANOGRAPHY
942 _2ddc
_cBK
999 _c14325
_d14325